Ոգեղեն կյանք : (Record no. 12302)
[ view plain ]
| 000 -LEADER | |
|---|---|
| fixed length control field | 00942-am-a2200229-a-4500 |
| 001 - CONTROL NUMBER | |
| control field | 000028114 |
| 003 - CONTROL NUMBER IDENTIFIER | |
| control field | AM-YEHGA |
| 005 - DATE AND TIME OF LATEST TRANSACTION | |
| control field | 20250618070916.0 |
| 008 - FIXED-LENGTH DATA ELEMENTS--GENERAL INFORMATION | |
| fixed length control field | 981126s1998 xxuai 0 0 arm u arm |
| 020 ## - INTERNATIONAL STANDARD BOOK NUMBER | |
| Terms of availability | 100.00 |
| 040 ## - CATALOGING SOURCE | |
| Original cataloging agency | AM-YeHGA |
| 041 0# - LANGUAGE CODE | |
| Language code of text/sound track or separate title | arm |
| 090 ## - LOCALLY ASSIGNED LC-TYPE CALL NUMBER (OCLC); LOCAL CALL NUMBER (RLIN) | |
| -- | 12398 |
| 245 10 - TITLE STATEMENT | |
| Title | Ոգեղեն կյանք : |
| Remainder of title | (Վազգեն Ա Վեհափառ հայրապետի ծննդյան 90-ամյակին) / |
| Statement of responsibility, etc. | Աշխատասիրությամբ՝ Հովհաննես Պապիկյանի, Զոյա Գալստյանի ; Խմբագիր՝ Գ. Հարությունյան. |
| 260 0# - PUBLICATION, DISTRIBUTION, ETC. | |
| Place of publication, distribution, etc. | Ս. Էջմիածին : |
| Name of publisher, distributor, etc. | Մայր Աթոռ Ս. Էջմիածին, |
| Date of publication, distribution, etc. | 1998. |
| 300 ## - PHYSICAL DESCRIPTION | |
| Extent | 84 էջ |
| 650 14 - SUBJECT ADDED ENTRY--TOPICAL TERM | |
| Topical term or geographic name entry element | Կրոն |
| 700 1# - ADDED ENTRY--PERSONAL NAME | |
| Personal name | Պապիկյան, Հովհաննես Ղուկասի, |
| Dates associated with a name | [1957]- |
| Relator term | կազմ․ |
| Relationship | com |
| 9 (RLIN) | 3683 |
| 700 1# - ADDED ENTRY--PERSONAL NAME | |
| Personal name | Գալստյան, Զ. |
| Relator term | կազմ․ |
| Relationship | com |
| 700 1# - ADDED ENTRY--PERSONAL NAME | |
| Personal name | Հարությունյան, Գ. |
| Relator term | խմբ․ |
| Relationship | edt |
| 9 (RLIN) | 5374 |
| 942 ## - ADDED ENTRY ELEMENTS (KOHA) | |
| Source of classification or shelving scheme | Universal Decimal Classification |
| Koha item type | Գրքեր / Books |
| Withdrawn status | Lost status | Source of classification or shelving scheme | Damaged status | Not for loan | Home library | Current library | Date acquired | Total checkouts | Full call number | Barcode | Date last seen | Price effective from | Koha item type | Public note |
|---|---|---|---|---|---|---|---|---|---|---|---|---|---|---|
| Universal Decimal Classification | Fundamental Scientific Library | Fundamental Scientific Library | 21/12/2016 | AII/85032 | FL0691557 | 21/12/2016 | 21/12/2016 | Գրքեր / Books | 30 Days Loan | |||||
| Universal Decimal Classification | Fundamental Scientific Library | Fundamental Scientific Library | 21/12/2016 | AII/85033 | 220085033 | 21/12/2016 | 21/12/2016 | Գրքեր / Books | 30 Days Loan |
ՀՀ Գիտությունների ազգային ակադեմիայի հիմնարար գիտական գրադարան = Fundamental Scientific Library of NAS RA
All site content, except where otherwise noted, is licensed under a